000 01959nam a22003137a 4500
001 8733
003 FISKH
005 20251014164132.0
008 251014b cb ||||| |||| 00| 0 eng d
020 _a9789996301735
040 _aFISKH
_bkhr
_cFISKH
_dFISKH
050 _aPZ7
082 _a597.96
100 _aNgem, Say
245 _aពស់ថ្លាន់របស់អ្នកតាអង្គ :
_bThe boa contrictor of Neak Ta Angk /
_cលោក​ សាយ ងីម
260 _aPhnom Penh :
_bReading Books ,
_c2012.
300 _a24 pages :
_bcolor illustrations ;
_c24 cm .
490 _aពិភពរឿងនិទាន
505 _aK
520 _aរឿងនេះផ្តោតទៅលើជីវិតសត្វព្រៃចង់អប់រំដល់មនុស្សគ្រប់រូបអោយប្រព្រឹត្តតែអំពើល្អ ព្រោះសត្វក៏ចង់រស់រានមានជីវិត ចង់មានក្តីសុខ ចង់ជួបជុំគ្រួសារ និងចង់មានសេរីភាពដូចមនុស្សយើងដែរគ្រាន់តែវាមិនចេះនិយាយ ។​
520 _aThis story is a tale focusing on the protection of the life of wild animals. This story is intended to educate people to treat well on the animals because they want to service, to live in happiness, the dwell with their families and to have freedom just like human being, too . The difference is that they cannot speak .
521 8 _a510
_bLexile estimate
521 8 _aK
_bRaz-Plus
650 _aពស់ថ្លាន់របស់អ្នកតាអង្គ
_vរឿងនិទានកុមារ​
650 _aThe boa constrictor of Neak Ta Angk
_vChildren's stories
700 _aVichit, Prom
_eIllustrator
942 _2ddc
_cKHB
_n0
999 _c8733
_d8733